1984 1444 1685 1044 1954 1798 1039 1656 1924 1463 1419 1064 1294 1646 1332 1854 1579 1232 1791 1005 1884 1734 1515 1687 1160 1077 1096 1469 1572 1258 1569 1219 1408 1411 1728 1945 1220 1534 1068 1174 1371 1809 1393 1858 1392 1868 1227 1108 1539 1836 1937 1877 1458 1892 1631 1757 1318 1470 1843 1675 1443 1195 1631 1307 1823 1436 1923 1916 1723 1909 1874 1356 1229 1903 1153 1306 1121 1268 1805 1922 1718 1387 1670 1021 1108 1747 1594 1173 1930 1896 1654 1680 1704 1526 1523 1137 1805 1882 1826 BCNSPRNW ULIB Ver.6.0+V

เปลี่ยนเป็นภาษาไทย

Change to English
 แสดงรายละเอียดบรรณานุกรม
  กลับหน้าหลัก

Brief Record : Get Marc (ISO 2709) : E-mail record : QR code < ปิดหน้าต่าง
LEADER : 00000nam 2200000uu 4500
001    13399108447
003     ULIB
008    110303s2002||||th 000 0 eng d
020    013170026X
060 04 WY157.3^bC761 2002
100 1  Ladewig, Patricia W.
245 10 Contemporary maternal-newborn nursing care /^cPatricia A.Wieland Ladewig, Marcia L. London, Michele R. Davidson
250    5th ed.
260    Upper Saddle River, NJ :^bPearson Prentice Hall,^c2002
300    xxv, 974 p. :^bill. (chiefly col.) ;^c29 cm. +^e1 CD-ROM(4 3/4 in.)
504    Includes bibliographical references and index
650  0 Maternity nursing
700 1  London, Marcia L.
700 1  Davidson, Michele R.
945    ^p0^l0^i015278
995    Kesorn
999 ^a ใช้งานได้ทุกระบบ
รายการนี้ยังไม่มีแท็ก
คุณยังไม่ได้ล็อกอิน คุณสามารถมีกิจกรรมร่วมกับเว็บไซต์ได้ แต่ต้องล็อกอินก่อน ::
  ล็อกอิน

รายการสื่อสารสนเทศ

ลำดับที่ ประเภท เลขเรียก/บาร์โค้ด สถานที่ สถานะ
- ไม่พบข้อมูล -

รายการใกล้เคียง
    หัวเรื่อง [Maternity nursing]

BibComment


ยังไม่เคยถูกคอมเมนท์

คอมเมนท์ทรัพยากรรายการนี้
  คอมเมนท์: Contemporary mate..


 Copyright 2026. Bcnsprnw @Library